Tilastot visalle Helsingin katuja 3: Kaartinkaupunki

Klikkaa tästä pelataksesi tätä visaa!

Yleistilastot

  • Tätä visaa on pelattu 8 kertaa
  • Keskiarvotulos 16 / 25

Vastaustilastot

nimi% Oikein
katuEteläesplanadi – Södra Esplanaden
100%
katuRikhardinkatu – Richardsgatan
100%
katuKasarmikatu – Kaserngatan
100%
aukioKasarmitori – Kaserntorget
100%
katuKorkeavuorenkatu – Högbergsgatan
100%
katuPieni Roobertinkatu – Lilla Robertsgatan
80%
katuErottajankatu – Skillnadsgatan
80%
katuEteläinen Makasiinikatu – Södra Magasinsgatan
80%
katuEteläranta – Södra kajen
80%
aukioErottaja – Skillnaden
80%
katuPohjoinen Makasiinikatu – Norra Magasinsgatan
80%
katuBernhardinkatu – Bernhardsgatan
60%
katuUnioninkatu – Unionsgatan
60%
katuPohjoisesplanadi – Norra Esplanaden
60%
katuLudviginkatu – Ludvigsgatan
60%
katuMannerheimintie – Mannerheimvägen
60%
aukioKauppatori – Salutorget
60%
katuFabianinkatu – Fabiansgatan
60%
katuRatakatu – Bangatan
40%
katuKaartinkuja – Gardesgränd
40%
katuUllanlinnankatu – Ulrikasborgsgatan
40%
katuMerimiehenkatu – Sjömansgatan
20%
katuPunanotkonkatu – Röddäldsgatan
20%
katuUudenmaankatu – Nylandsgatan
20%
katuYrjönkatu – Georgsgatan
20%

Tulosjakauma

Persentiili vastausten määrän mukaan

Jokaisen tuloksen saaneiden osuus

Tuloshistoriasi

Et ole pelannut tätä visaa